00629nam a22001817a 450000500170000001000150001702000260003203500140005803700130007208200130008510000180009824501120011626000390022827000930026730000270036050000430038770000170043020180328151424.0 aENG-122446 a9789386602770c395.00 aEN-105978 bDBAD/PUB a303.4833 aMicke Darmell aConnected or disconnected :cby Micke Darmell and Kapil RampalbThe art of operating in a connected world / c2018aNew DelhibSAGE Publications aB1/I-1Mohan Cooperative Industrial Area,Mathura Road,bNew Delhie110044mwww.sagepub.in c22cm(pbk)a158p.bill. ait Includes bibliographical references aKapil Rampal